000 01035nam a2200241 a 4500
001 1730847
003 AM-YEHGA
005 20250618080122.0
008 210121s2020 ai a|||gr|||||||||1|arm|d
020 _a9789939766102
040 _aAM-YeHGA
041 1 _aarm
_hukr
100 1 _aՍադ, Կատերինա
245 1 0 _aՄիլիոնանոոոոոոց գաղափարը :
_b[Նախադպրոցական և կրտսեր դպրոցական տարիքի երեխաների համար] /
_cԿ. Սադ ; Ուկրաիներենից թարգմ.` Ա. Մեսրոպյան ; [Խմբագիր՝ Ն. Թորոսյան].
260 _aԵրևան :
_bԱնտարես,
_c2020.
300 _a[28] էջ :
_bգունանկ.,
_c29 սմ.
650 1 4 _aՈւկրաինական մանկական գրականություն
_xՀեքիաթ
650 2 4 _aՄանկական գրքեր
_98500
700 1 _aՄեսրոպյան, Անուշավան
_eթարգմ.
_4trl
700 1 _aԹորոսյան, Նունե
_eխմբ.
_4edt
942 _2udc
_cBK
090 _c566310
999 _c528133
_d528133